<?xml version="1.0" encoding="UTF-8"?>
<record
    xmlns:xsi="http://www.w3.org/2001/XMLSchema-instance"
    xsi:schemaLocation="http://www.loc.gov/MARC21/slim http://www.loc.gov/standards/marcxml/schema/MARC21slim.xsd"
    xmlns="http://www.loc.gov/MARC21/slim">

  <leader>01843nam a2200325 a 4500</leader>
  <controlfield tag="001">BRCA_3148</controlfield>
  <controlfield tag="005">20190320204132.0</controlfield>
  <controlfield tag="008">100209s1877----fr-a---###---#000-0#fre-u</controlfield>
  <datafield tag="041" ind1=" " ind2=" ">
    <subfield code="a">fre</subfield>
  </datafield>
  <datafield tag="044" ind1=" " ind2=" ">
    <subfield code="a">fr</subfield>
  </datafield>
  <datafield tag="084" ind1=" " ind2=" ">
    <subfield code="a">451</subfield>
    <subfield code="b">.H48</subfield>
    <subfield code="c">1877</subfield>
  </datafield>
  <datafield tag="100" ind1="1" ind2=" ">
    <subfield code="a">Cervantes Saavedra, Miguel de</subfield>
    <subfield code="d">1547-1616</subfield>
    <subfield code="9">213</subfield>
  </datafield>
  <datafield tag="245" ind1="1" ind2="0">
    <subfield code="a">Michel de Cervantes</subfield>
    <subfield code="b">Don Quichotte de la Manche</subfield>
    <subfield code="c">Miche de Cervantes.</subfield>
  </datafield>
  <datafield tag="260" ind1=" " ind2=" ">
    <subfield code="a">Par&#xED;s</subfield>
    <subfield code="b">J. Hetzel</subfield>
    <subfield code="c">1877</subfield>
  </datafield>
  <datafield tag="300" ind1=" " ind2=" ">
    <subfield code="a">viii, 543 p.</subfield>
    <subfield code="b">il.</subfield>
    <subfield code="c">28 cm.</subfield>
  </datafield>
  <datafield tag="500" ind1=" " ind2=" ">
    <subfield code="a">Contenido : Primera parte. Prefacio del traductor. Texto. Segunda parte. Texto</subfield>
  </datafield>
  <datafield tag="500" ind1=" " ind2=" ">
    <subfield code="a">Edici&#xF3;n : Edition sp&#xE9;ciale a l&#xB4;usage de la jeunesse par Lucien Biart. Illustr&#xE9;e de 316 dessins par Tony Johannot. Cette &#xE9;dition, sep&#xE9;ciale &#xE1; la jeunesse, est tir&#xE9;e de la traduction compl&#xE8;te de Don Quichotte par M. Lucien Biart, traduction qui para&#xED;tra en f&#xE9;vrier 1878 pr&#xE9;ced&#xE9;e d&#xB4;une Notice in&#xE9;dite tr&#xE8;s-importante sur la vie et l&#xB4;oevre de Cervantes, ecrite sp&#xE9;cialement pour la traduction de M. Biart par Prosper M&#xE9;rim&#xE8;e</subfield>
  </datafield>
  <datafield tag="500" ind1=" " ind2=" ">
    <subfield code="a">Traducci&#xF3;n de L. Biart, abreviada y arreglada para la juventud por el propio traductor, con el fin, como dice en el prefacio, de que las inteligencias j&#xF3;venes se familiaricen con la obra de Cervantes. Edici&#xF3;n adornada con los dibujos de Johannot y perfectamente impresa L&#xFA;dovik Osterc</subfield>
  </datafield>
  <datafield tag="500" ind1=" " ind2=" ">
    <subfield code="a">QM379</subfield>
  </datafield>
  <datafield tag="546" ind1=" " ind2=" ">
    <subfield code="a">Texto en : franc&#xE9;s</subfield>
  </datafield>
  <datafield tag="650" ind1="1" ind2="4">
    <subfield code="a">Novela espa&#xF1;ola</subfield>
    <subfield code="y">&#xC9;poca cl&#xE1;sica, 1500-1700</subfield>
    <subfield code="9">215</subfield>
  </datafield>
  <datafield tag="650" ind1="1" ind2="4">
    <subfield code="a">Literatura espa&#xF1;ola</subfield>
    <subfield code="y">&#xC9;poca cl&#xE1;sica, 1500-1700</subfield>
    <subfield code="9">216</subfield>
  </datafield>
  <datafield tag="650" ind1="1" ind2="4">
    <subfield code="a">Novela espa&#xF1;ola</subfield>
    <subfield code="y">Siglo XVII</subfield>
    <subfield code="9">217</subfield>
  </datafield>
  <datafield tag="650" ind1="1" ind2="4">
    <subfield code="a">Don Quijote (Personaje ficticio)</subfield>
    <subfield code="e">Novela</subfield>
    <subfield code="9">218</subfield>
  </datafield>
  <datafield tag="700" ind1="1" ind2=" ">
    <subfield code="a">Biart, Lucien</subfield>
    <subfield code="d">1829-1897</subfield>
    <subfield code="e">Traductor</subfield>
    <subfield code="9">8509</subfield>
  </datafield>
  <datafield tag="700" ind1="1" ind2=" ">
    <subfield code="a">Johannot, Tony</subfield>
    <subfield code="d">1803-1852</subfield>
    <subfield code="e">Ilustrador</subfield>
    <subfield code="9">8510</subfield>
  </datafield>
  <datafield tag="740" ind1="0" ind2=" ">
    <subfield code="a">El Ingenioso Hidalgo Don Quijote de la Mancha</subfield>
  </datafield>
  <datafield tag="902" ind1=" " ind2=" ">
    <subfield code="a">QFM</subfield>
  </datafield>
  <datafield tag="942" ind1=" " ind2=" ">
    <subfield code="2">lcc</subfield>
    <subfield code="c">B</subfield>
  </datafield>
  <datafield tag="999" ind1=" " ind2=" ">
    <subfield code="c">2884</subfield>
    <subfield code="d">2884</subfield>
  </datafield>
  <datafield tag="952" ind1=" " ind2=" ">
    <subfield code="0">0</subfield>
    <subfield code="1">0</subfield>
    <subfield code="4">0</subfield>
    <subfield code="7">0</subfield>
    <subfield code="a">BRCA</subfield>
    <subfield code="b">BRCA</subfield>
    <subfield code="d">2009-02-10</subfield>
    <subfield code="i">QM379</subfield>
    <subfield code="l">0</subfield>
    <subfield code="o">451 .H48 1877 (QM379)</subfield>
    <subfield code="p">3145</subfield>
    <subfield code="r">2019-03-22 00:00:00</subfield>
    <subfield code="w">2019-03-22</subfield>
    <subfield code="y">B</subfield>
  </datafield>
</record>
